|
|
|
|
| LEADER |
01400nam a2200289 a 4500 |
| 001 |
1685786 |
| 008 |
090615s2000 nju b 001 0 eng d |
| 010 |
|
|
|a 99026984
|
| 020 |
|
|
|a 0130815616
|
| 040 |
|
|
|a DLC
|c DLC
|
| 082 |
0 |
0 |
|a 658.4/08
|2 21
|
| 100 |
1 |
|
|a Baron, David P.
|
| 245 |
1 |
0 |
|a Business and its environment /
|c David P. Baron.
|
| 250 |
|
|
|a 3rd ed.
|
| 260 |
|
|
|a Upper Saddle River, N.J. :
|b Prentice Hall,
|c c2000.
|
| 300 |
|
|
|a xxiv, 785 p. :
|b ill. ;
|c 26 cm.
|
| 504 |
|
|
|a Includes bibliographical references (p. 751-764) and index.
|
| 541 |
1 |
|
|e 00012423
|
| 650 |
|
0 |
|a Social responsibility of business.
|
| 650 |
|
0 |
|a Industrial policy.
|
| 650 |
|
0 |
|a Commercial law.
|
| 650 |
|
0 |
|a Business ethics.
|
| 852 |
4 |
|
|a Ayesha Abed Library
|j General shelf
|
| 999 |
|
|
|c 940
|d 940
|
| 952 |
|
|
|0 0
|1 0
|2 ddc
|4 0
|6 658_408000000000000_BAR
|7 0
|9 855
|a BRACUL
|b BRACUL
|c REF
|d 2009-06-15
|g 0.00
|l 2
|m 5
|o 658.408 BAR
|p 3010012423
|r 2013-10-10
|s 2012-01-05
|t 1
|w 2009-06-15
|y RSV
|x No price found in the accession register.
|
| 952 |
|
|
|0 0
|1 0
|2 ddc
|4 1
|6 658_408000000000000_BAR
|7 0
|9 10491
|a BRACUL
|b BRACUL
|c SPS
|d 2010-05-25
|l 4
|m 15
|o 658.408 BAR
|p 3010012422
|r 2018-01-03
|s 2017-12-17
|t 2
|w 2010-05-25
|y BK
|x Price not available in Register
|
| 952 |
|
|
|0 0
|1 0
|2 ddc
|4 1
|6 658_408000000000000_BAR
|7 0
|9 18072
|a BRACUL
|b BRACUL
|c SPS
|d 2011-09-18
|l 7
|m 43
|o 658.408 BAR
|p 3010012424
|r 2017-12-20
|s 2017-12-11
|t 3
|w 2011-09-18
|y BK
|x Price not available in Register
|